Electrical installation designs / (Record no. 175600)

000 -LEADER
fixed length control field 01018 a2200193 4500
003 - CONTROL NUMBER IDENTIFIER
control field Nust
005 - DATE AND TIME OF LATEST TRANSACTION
control field 20220802180817.0
010 ## - LIBRARY OF CONGRESS CONTROL NUMBER
LC control number 93027585
020 ## - INTERNATIONAL STANDARD BOOK NUMBER
International Standard Book Number 0632053984
040 ## - CATALOGING SOURCE
Transcribing agency Nust
082 00 - DEWEY DECIMAL CLASSIFICATION NUMBER
Classification number 621.31924,ATK
100 1# - MAIN ENTRY--PERSONAL NAME
Personal name Atkinson, Bill.
9 (RLIN) 96356
245 10 - TITLE STATEMENT
Title Electrical installation designs /
Statement of responsibility, etc. Bill Atkinson.
260 ## - PUBLICATION, DISTRIBUTION, ETC.
Place of publication, distribution, etc. Oxford [England] ;
-- Boston :
Name of publisher, distributor, etc. Blackwell Scientific Publications,
Date of publication, distribution, etc. 1994.
300 ## - PHYSICAL DESCRIPTION
Extent 204 p. :
Other physical details ill. ;
Dimensions 25 cm.
505 ## - FORMATTED CONTENTS NOTE
Formatted contents note Introduction (Page-1), Three Bedroom House (Page-8), A Block Of Retirement Flatlets (Page-20), Overcurrent Protection (Page-35), An Architect’s Office (Page -43), A High Street Shop (Page-61), Earthing And Bonding (Page-75), Car Services Workshop (Page-90),Circuits (Page-109), Farming And Horticulture (Page-121), Isolation And Switching (Page-135), A Village Sports Centre (Page-141), An Indoor Swimming Pool (Page-156), Cables And Writing Systems (Page-168), Completion (Page-179).
650 #0 - SUBJECT ADDED ENTRY--TOPICAL TERM
Topical term or geographic name entry element Telecommunication Engineering.
942 ## - ADDED ENTRY ELEMENTS (KOHA)
Koha item type Reference
Source of classification or shelving scheme
Holdings
Withdrawn status Lost status Source of classification or shelving scheme Damaged status Not for loan Permanent Location Current Location Shelving location Date acquired Full call number Barcode Date last seen Price effective from Koha item type Public note
          Military College of Signals (MCS) Military College of Signals (MCS) Reference 12/12/2016 621.31924,ATK MCS27895 12/08/2016 12/12/2016 Reference Almirah No.20, Shelf No.4
© 2023 Central Library, National University of Sciences and Technology. All Rights Reserved.